Housekeeping operations and management for hospitality (Record no. 34705)
[ view plain ]
| 000 -LEADER | |
|---|---|
| fixed length control field | 00470nam a2200169Ia 4500 |
| 008 - FIXED-LENGTH DATA ELEMENTS--GENERAL INFORMATION | |
| fixed length control field | 230917s9999||||xx |||||||||||||| ||und|| |
| 020 ## - ISBN | |
| Price | RS495 |
| 040 ## - CATALOGING SOURCE | |
| -- | 213431 |
| Original cataloging agency | VIVEKANANDA LIBRARY |
| 041 ## - Language | |
| -- | English |
| 082 ## - DDC NUMBER | |
| Classification number | 647.94 R137H |
| 100 ## - MAIN ENTRY--PERSONAL NAME | |
| Personal name | Rakesh Kadam, KCK |
| 245 #0 - TITLE STATEMENT | |
| Title | Housekeeping operations and management for hospitality |
| 260 ## - PUBLICATION, DISTRIBUTION, ETC. (IMPRINT) | |
| Place of publication, distribution, etc | New Delhi |
| Name of publisher, distributor, etc | VDH Publishers |
| Date of publication, distribution, etc | 2013 |
| 300 ## - PHYSICAL DESCRIPTION | |
| Pages | ix, 876 p. |
| 500 ## - GENERAL NOTE | |
| General note | 4548 20/12/2013 5639 15/01/2014 IHTM (SFS) |
| 942 ## - ADDED ENTRY ELEMENTS (KOHA) | |
| Koha item type | Books |
| Withdrawn status | Lost status | Damaged status | Not for loan | Location (home branch) | Sublocation or collection (holding branch) | Shelving location | Date acquired | Koha issues (times borrowed) | Koha full call number | Accession No. | Koha date last seen | Koha item type |
|---|---|---|---|---|---|---|---|---|---|---|---|---|
| VIVEKANANDA LIBRARY | VIVEKANANDA LIBRARY | IHTM Library | 13/02/2014 | 2 | 647.94 R137H | 335190 | 30/12/2024 | Books | ||||
| VIVEKANANDA LIBRARY | VIVEKANANDA LIBRARY | IHTM Library | 13/02/2014 | 4 | 647.94 R137H | 335191 | 26/09/2025 | Books | ||||
| VIVEKANANDA LIBRARY | VIVEKANANDA LIBRARY | IHTM Library | 13/02/2014 | 1 | 647.94 R137H | 335192 | 14/10/2023 | Books | ||||
| VIVEKANANDA LIBRARY | VIVEKANANDA LIBRARY | IHTM Library | 13/02/2014 | 647.94 R137H | 335193 | 17/09/2023 | Books | |||||
| VIVEKANANDA LIBRARY | VIVEKANANDA LIBRARY | IHTM Library | 13/02/2014 | 1 | 647.94 R137H | 335194 | 10/12/2024 | Books | ||||
| VIVEKANANDA LIBRARY | VIVEKANANDA LIBRARY | IHTM Library | 13/02/2014 | 647.94 R137H | 335195 | 17/09/2023 | Books | |||||
| VIVEKANANDA LIBRARY | VIVEKANANDA LIBRARY | IHTM Library | 13/02/2014 | 1 | 647.94 R137H | 335196 | 22/11/2023 | Books | ||||
| VIVEKANANDA LIBRARY | VIVEKANANDA LIBRARY | IHTM Library | 13/02/2014 | 3 | 647.94 R137H | 335197 | 20/01/2025 | Books | ||||
| VIVEKANANDA LIBRARY | VIVEKANANDA LIBRARY | IHTM Library | 13/02/2014 | 1 | 647.94 R137H | 335198 | 07/04/2025 | Books | ||||
| VIVEKANANDA LIBRARY | VIVEKANANDA LIBRARY | IHTM Library | 13/02/2014 | 3 | 647.94 R137H | 335199 | 06/04/2026 | Books |
